Πρακτικά 10ου Πανελληνίου Συνεδρίου Μαθηματικής Ανάλυσης : Αθήνα, Πολυτεχνειούπολη Ζωγράφου 30 Σεπτεμβρίου - 2 Οκτωβρίου 2004
Αποθηκεύτηκε σε:
| Συλλογικό Έργο: | , |
|---|---|
| Μορφή: | Πρακτικό Συνεδρίου Βιβλίο |
| Γλώσσα: | Greek |
| Δημοσίευση: |
Αθήνα :
Εθνικό Μετσόβειο Πολυτεχνείο,
2004.
|
| Θέματα: | |
| Ετικέτες: |
Προσθήκη ετικέτας
Δεν υπάρχουν, Καταχωρήστε ετικέτα πρώτοι!
|
MARC
| LEADER | 00000cam a2200000 a 4500 | ||
|---|---|---|---|
| 001 | 1/117355 | ||
| 008 | 181011s2004####gr | ||| |||| ||gre|| | ||
| 040 | |a GR-MyUa |b gre |c GR-MyUa |e AACR2 | ||
| 041 | 0 | |a gre | |
| 082 | 7 | |a 515.1 |2 (23) | |
| 111 | 2 | |a Πανελλήνιο Συνέδριο Μαθηματικής Ανάλυσης |n (10o : |d 2004 : |c Αθήνα) | |
| 245 | 1 | 0 | |a Πρακτικά 10ου Πανελληνίου Συνεδρίου Μαθηματικής Ανάλυσης : |b Αθήνα, Πολυτεχνειούπολη Ζωγράφου 30 Σεπτεμβρίου - 2 Οκτωβρίου 2004 / |c οργάνωση Τομέας Μαθηματικών Σχολή Εφαρμοσμένων Μαθηματικών και Φυσικών Επιστημών, Εθνικό Μετσόβειο Πολυτεχνείο. |
| 260 | |a Αθήνα : |b Εθνικό Μετσόβειο Πολυτεχνείο, |c 2004. | ||
| 300 | |a xxii, 294 σ. ; |c 29 εκ. | ||
| 650 | 0 | |a Mathematical analysis |x Congresses. | |
| 710 | 2 | |a Εθνικό Μετσόβιο Πολυτεχνείο. |b Σχολή Εφαρμοσμένων Μαθηματικών και Φυσικών Επιστημών. |b Τομέας Μαθηματικών. | |
| 852 | |a INST |b SAMOS |e 20181011 |h 515.1 ΠΑΝ |p 005300045657 |q 005300045657 |t BK |y 0 | ||
| 970 | |a Γουβάλα |b Βάσω |z 11-10-2018 | ||